Statistics for Actors / Actresses by their Characters #21

Click here to take the quiz!

General Stats

  • This quiz has been taken 28 times
  • The average score is 3 of 10

Answer Stats

HintAnswer% Correct
Jack Napier/The Joker, Melvin Udall, Jack Torrance, J. J. "Jake" GittesJack Nicholson
81%
Raven Darkhölme / Mystique, Kate Dibiasky, Aurora Lane, Katniss EverdeenJennifer Lawrence
62%
Dr. Leonard Hofstadter, David Healy, Ira Reder, Max NeurickJohnny Galecki
31%
Elliot Reid, Becky Conner-Healy / Andrea, Stella Zinman, Beth SmithSarah Chalke
31%
Catherine Tramell, Ginger McKenna, Sarah Little, May Munro / Adrian HastingsSharon Stone
31%
Władysław Szpilman, Salvador Dalí, Dmitri Desgoffe und Taxis, Jack DriscollAdrien Brody
23%
Professor Kirke, Colin Jones, Horace Slughorn, John BayleyJim Broadbent
19%
Sophie Chapman, DS Ellie Miller, Queen Anne, Carol ThatcherOlivia Colman
19%
Robert Crawley Earl of Grantham, Mr Henry Brown, Bernie, Lord MountbattenHugh Bonneville
15%
Julia Maddon, Tammy Harris, Jess Crichton, LauraImogen Poots
8%

Score Distribution

Percentile by Number Answered

Percent of People with Each Score

Your Score History

You have not taken this quiz